Heating and air conditioning /

Saved in:
Bibliographic Details
Main Author: Allen, John Robins, 1869-1920
Other Authors: Giesecke, Frederick Ernest, 1869-, Walker, J. H. (James Herbert), 1890- (joint author.)
Format: Book
Language:English
Published: New York and ; London, : McGraw-Hill book company, inc., 1935.
Edition:4th ed.
Subjects:
LEADER 01261cam a22003011 4500
001 c000217393
003 CARM
005 20050720211123.0
008 761117s1935 nyu 000 0 eng
010 |a 35011617 
019 1 |a 27782785  |5 LACONCORD2021 
035 |a (OCoLC)2562470  |5 LACONCORD2021 
040 |a DLC  |b eng  |c OTU  |d DLC 
042 |a premarc 
050 0 0 |a TH7223  |b .A35 1935 
100 1 |a Allen, John Robins,  |d 1869-1920. 
245 1 0 |a Heating and air conditioning /  |c formerly published under the title of Heating and ventilation, by John R. Allen...and James Herbert Walker...with a chapter on hot-water heating systems, by F. E. Giesecke...... 
250 |a 4th ed. 
260 |a New York and ;  |a London, :  |b McGraw-Hill book company, inc.,  |c 1935. 
300 |a vii, 444 p. :  |b illus., diagrs. (part double) ;  |c 24 cm. 
650 0 |a Heating. 
650 0 |a Air conditioning. 
700 1 |a Giesecke, Frederick Ernest,  |d 1869- 
700 1 |a Walker, J. H.  |q (James Herbert),  |d 1890-,  |e joint author. 
852 8 |b CARM  |h A2:AK28G0  |i C08066  |p 0271906  |f BK 
082 0 4 |a 697 
999 f f |i 7efbf63b-1b84-5239-b2e6-42721758bc22  |s 5e87bcd1-64e6-557e-97d1-d2f3ccdbb4b8 
952 f f |p Can circulate  |a CAVAL  |b CAVAL  |c CAVAL  |d CARM 1 Store  |e C08066  |f A2:AK28G0  |h Other scheme  |i book  |m 0271906